000 00241nam a22000857a 4500
008 160831b xxu||||| |||| 00| 0 eng d
100 _9281
_aAggarwal M.L
245 _aManual for CCE in Mathematics-X
260 _aNew Delhi
_bAvichal publication
_c2010
999 _c2939
_d2939